| 000 | 00459nam a2200145 a 4500 | ||
|---|---|---|---|
| 001 | 000028785 | ||
| 005 | 20200930055132.0 | ||
| 008 | 110412s2004 dr 000 0 spa d | ||
| 040 |
_aDO-SdBNP _bspa _cBNPHU |
||
| 110 | 1 |
_aRepública Dominicana _9447 |
|
| 240 | 1 | 0 | _a[Leyes, etc.] |
| 245 | 1 | 0 | _aResoluciones turísticas para agencias de viajes y tour operadores. |
| 260 |
_aSanto Domingo : _bSecretaría de Estado de Turismo, _c2004. |
||
| 300 |
_a36 p. ; _c21 cm. |
||
| 999 |
_c28277 _d28277 |
||